000 00556nam a2200205Ia 4500
001 13357
008 140402s9999 xx 000 0 und d
020 _a0-471-1072-8
040 _cPK-LaUMT
082 _a 657.0285
_bMOS-C
100 _aMoscove, Stephen A.
245 _aCore concepts of accounting information systems
_cMoscove, Stephen A.<>Simkin, Mark G.
250 _a5th
260 _aNew York,USA:
_bJohn Wiley,
_c1997
300 _a384 p.
546 _aEN
650 _aAccounting-Data processing
700 _aSimkin, Mark G.
942 _cBK
999 _c14038
_d14038